[Event "20. Open d'escacs de Sants 2018"]
[Site "Barcelona ESP"]
[Date "2018.08.22"]
[Round "6.4"]
[White "ESIPENKO, Andrey"]
[Black "MORONI, Luca Jr"]
[Result "1/2-1/2"]
[WhiteElo "2589"]
[BlackElo "2547"]
[PlyCount "96"]
[EventDate "2018.08.17"]
[EventType "swiss"]
[EventRounds "10"]
[EventCountry "ESP"]
[SourceTitle "Ajedrez en Madrid"]
[Source "lmi"]
[SourceDate "2018.08.17"]
[SourceVersion "1"]
[SourceVersionDate "2019.07.10"]
[SourceQuality "1"]

1. d4 d5 2. c4 e6 3. Nc3 Nf6 4. cxd5 exd5 5. Bg5 c6 6. e3 h6 7. Bh4 Be6 8. Bd3
Nbd7 9. f3 g5 10. Bf2 Bg7 11. Nge2 Nb6 12. Qc2 Qd7 13. a4 a5 14. Ng3 h5 15. Nf5
Bf8 16. b3 Nc8 17. O-O-O Ne7 18. Ng3 h4 19. Nge2 g4 20. h3 g3 21. Be1 Nf5 22.
Bd2 Bh6 23. Bxf5 Bxf5 24. e4 Bxd2+ 25. Qxd2 dxe4 26. Qg5 Nh7 27. Qg7 O-O-O 28.
fxe4 f6 29. Qxd7+ Bxd7 30. Rhf1 Rde8 31. Rf4 Ng5 32. Ng1 b5 33. axb5 cxb5 34.
Re1 f5 35. Nf3 Nxf3 36. Rxf3 b4 37. Nd5 Rxe4 38. Rxe4 fxe4 39. Rf6 Bb5 40. Ne3
Kb7 41. Rf7+ Kb8 42. Rf5 Rc8+ 43. Kb2 Bd7 44. Rf4 Rc3 45. Rxe4 Rd3 46. Kc2 Rc3+
47. Kb2 Rd3 48. Kc2 Rc3+ 1/2-1/2

[Event "20. Open d'escacs de Sants 2018"]
[Site "Barcelona ESP"]
[Date "2018.08.22"]
[Round "6.5"]
[White "CRUZ, Cristhian"]
[Black "CUARTAS, Jaime Alexander"]
[Result "1/2-1/2"]
[WhiteElo "2571"]
[BlackElo "2499"]
[PlyCount "75"]
[EventDate "2018.08.17"]
[EventType "swiss"]
[EventRounds "10"]
[EventCountry "ESP"]
[SourceTitle "Ajedrez en Madrid"]
[Source "lmi"]
[SourceDate "2018.08.17"]
[SourceVersion "1"]
[SourceVersionDate "2019.07.10"]
[SourceQuality "1"]

1. d4 Nf6 2. c4 e6 3. Nc3 Bb4 4. Qc2 d5 5. cxd5 exd5 6. Nf3 O-O 7. Bg5 h6 8.
Bh4 Nbd7 9. e3 c5 10. Be2 Qa5 11. O-O Bxc3 12. bxc3 b6 13. Rfc1 Ba6 14. Bxa6
Qxa6 15. Bxf6 Nxf6 16. dxc5 bxc5 17. c4 Rac8 18. cxd5 Nxd5 19. Qf5 Qe6 20. Qxe6
fxe6 21. Rc2 Rc7 22. Rac1 Rfc8 23. a3 Kf7 24. Kf1 Ke7 25. Ke2 Nb6 26. Nd4 Nd7
27. f4 Rf8 28. Rc3 Rb8 29. R1c2 Rb6 30. Nb3 Ra6 31. Nd2 Ra4 32. Kf3 Nb6 33.
Rxc5 Rxc5 34. Rxc5 Rxa3 35. Rc7+ Kf8 36. Rc6 Ke7 37. Rc7+ Kf8 38. Rc6 1/2-1/2

[Event "20. Open d'escacs de Sants 2018"]
[Site "Barcelona ESP"]
[Date "2018.08.22"]
[Round "6.6"]
[White "SVIRIDOV, Valery"]
[Black "MOUSSARD, Jules"]
[Result "1/2-1/2"]
[WhiteElo "2528"]
[BlackElo "2566"]
[PlyCount "62"]
[EventDate "2018.08.17"]
[EventType "swiss"]
[EventRounds "10"]
[EventCountry "ESP"]
[SourceTitle "Ajedrez en Madrid"]
[Source "lmi"]
[SourceDate "2018.08.17"]
[SourceVersion "1"]
[SourceVersionDate "2019.07.10"]
[SourceQuality "1"]

1. Nf3 Nf6 2. c4 d6 3. g3 g6 4. Bg2 Bg7 5. O-O O-O 6. Nc3 e5 7. d4 Nbd7 8. Qc2
exd4 9. Nxd4 Re8 10. Rd1 Nc5 11. e4 Bd7 12. f3 Qc8 13. Be3 Bh3 14. Bxh3 Qxh3
15. Ndb5 Qc8 16. b4 Ne6 17. Nxa7 Rxa7 18. Bxa7 b6 19. a4 Qa6 20. Nb5 Nd7 21.
Ra3 c6 22. Rxd6 Ne5 23. Rxe6 Rxe6 24. Nc7 Qxa7 25. Nxe6 fxe6 26. Kg2 c5 27.
bxc5 Qe7 28. Qa2 Qxc5 29. a5 bxa5 30. Rxa5 Qe3 31. Ra3 Qc5 1/2-1/2

[Event "20. Open d'escacs de Sants 2018"]
[Site "Barcelona ESP"]
[Date "2018.08.22"]
[Round "6.7"]
[White "ESCALANTE RAMIREZ, Brian Sebasti"]
[Black "ILLESCAS CORDOBA, Miguel"]
[Result "0-1"]
[WhiteElo "2438"]
[BlackElo "2605"]
[PlyCount "124"]
[EventDate "2018.08.17"]
[EventType "swiss"]
[EventRounds "10"]
[EventCountry "ESP"]
[SourceTitle "Ajedrez en Madrid"]
[Source "lmi"]
[SourceDate "2018.08.17"]
[SourceVersion "1"]
[SourceVersionDate "2019.07.10"]
[SourceQuality "1"]

1. e4 c5 2. Nf3 e6 3. d4 cxd4 4. Nxd4 Nc6 5. Nc3 Qc7 6. Be3 a6 7. a3 b5 8. Nxc6
Qxc6 9. Be2 Bb7 10. O-O Qc7 11. Qd2 Nf6 12. Bf3 Bd6 13. g3 Be5 14. Bd4 d6 15.
Bg2 O-O 16. Rfe1 Rac8 17. Re2 Qc4 18. Rd1 a5 19. f4 Bxd4+ 20. Qxd4 b4 21. axb4
axb4 22. Qxc4 Rxc4 23. Na2 Bxe4 24. Bxe4 Rxe4 25. Rxe4 Nxe4 26. Nxb4 Rb8 27.
Nd3 f5 28. Kf1 Kf7 29. Ra1 Kf6 30. Ke2 h5 31. Ke3 g5 32. b3 g4 33. Nf2 Nc5 34.
Nd3 Nxd3 35. Kxd3 h4 36. Ra3 hxg3 37. hxg3 e5 38. fxe5+ dxe5 39. Ra6+ Kg5 40.
Ra5 e4+ 41. Ke3 Rh8 42. Ra1 Rh2 43. Rc1 Rg2 44. b4 Rxg3+ 45. Kd4 Rh3 46. b5 g3
47. b6 Kg4 48. c4 g2 49. Rg1 Rd3+ 50. Ke5 Kf3 51. Rb1 e3 52. b7 Rd8 53. c5 e2
54. c6 Rd1 55. Rb3+ Kg4 56. b8=Q e1=Q+ 57. Kf6 Qh4+ 58. Kf7 Qh7+ 59. Kf6 Qh6+
60. Kf7 Qh5+ 61. Kf6 Qg5+ 62. Kf7 g1=Q 0-1

[Event "20. Open d'escacs de Sants 2018"]
[Site "Barcelona ESP"]
[Date "2018.08.22"]
[Round "6.8"]
[White "PETROV, Nikita"]
[Black "BUSCARA, Sevan"]
[Result "1-0"]
[WhiteElo "2591"]
[BlackElo "2432"]
[PlyCount "85"]
[EventDate "2018.08.17"]
[EventType "swiss"]
[EventRounds "10"]
[EventCountry "ESP"]
[SourceTitle "Ajedrez en Madrid"]
[Source "lmi"]
[SourceDate "2018.08.17"]
[SourceVersion "1"]
[SourceVersionDate "2019.07.10"]
[SourceQuality "1"]

1. Nf3 d5 2. d4 Nf6 3. Bf4 c5 4. e3 Nc6 5. Nbd2 cxd4 6. exd4 Bg4 7. c3 e6 8.
Qb3 Qc8 9. Ne5 Nxe5 10. Bxe5 Nd7 11. Bg3 Be7 12. Bd3 a6 13. O-O Bh5 14. c4 Bg5
15. Qc2 Bg6 16. f4 Bf6 17. f5 Bxd4+ 18. Kh1 exf5 19. Bd6 Qc6 20. Rfe1+ Kd8 21.
Be7+ Kc7 22. Nb3 Bf6 23. Na5 Qb6 24. cxd5+ Kb8 25. Nc4 Qd4 26. Rad1 Rc8 27.
Bd6+ Ka7 28. Bf1 Qg4 29. Qf2+ b6 30. h3 Qh5 31. a4 f4 32. a5 Rxc4 33. Bxc4 Be4
34. axb6+ Kb7 35. Bxf4 Qxh3+ 36. Kg1 Qf5 37. Bc7 Qg6 38. Qe2 Nc5 39. b4 Nd3 40.
Qxe4 Nxe1 41. Rxe1 Re8 42. Bxa6+ Kxa6 43. Qc4+ 1-0

[Event "20. Open d'escacs de Sants 2018"]
[Site "Barcelona ESP"]
[Date "2018.08.22"]
[Round "6.9"]
[White "FROEWIS, Georg"]
[Black "SVETUSHKIN, Dmitry"]
[Result "1/2-1/2"]
[WhiteElo "2419"]
[BlackElo "2580"]
[PlyCount "143"]
[EventDate "2018.08.17"]
[EventType "swiss"]
[EventRounds "10"]
[EventCountry "ESP"]
[SourceTitle "Ajedrez en Madrid"]
[Source "lmi"]
[SourceDate "2018.08.17"]
[SourceVersion "1"]
[SourceVersionDate "2019.07.10"]
[SourceQuality "1"]

1. Nf3 Nf6 2. c4 b6 3. g3 Bb7 4. Bg2 g6 5. Nc3 Bg7 6. O-O O-O 7. d4 Ne4 8. Nxe4
Bxe4 9. Be3 d6 10. Qd2 Nd7 11. d5 c5 12. dxc6 Bxc6 13. Bh6 Rc8 14. Bxg7 Kxg7
15. b3 Qc7 16. Rfd1 Qb7 17. Qb2+ Kg8 18. a4 Rfd8 19. Rd4 a6 20. Qd2 Nf8 21. Rd1
Qc7 22. Qh6 f6 23. Qe3 Rb8 24. R4d2 Qd7 25. h4 Qe6 26. Qh6 Qf7 27. Qe3 Rdc8 28.
Bh3 Bd7 29. Bg2 Ne6 30. Nd4 Nxd4 31. Rxd4 Bc6 32. Bd5 Bxd5 33. cxd5 f5 34. Rc1
Rc5 35. b4 Rxc1+ 36. Qxc1 Qe8 37. Qc6 Kf7 38. Rc4 b5 39. axb5 axb5 40. Rc1 Ra8
41. Qb7 Kf6 42. Kg2 h6 43. Rc3 Rb8 44. Qa7 Ra8 45. Qe3 Qg8 46. Qd4+ Kf7 47. Re3
Rc8 48. Re6 h5 49. e4 fxe4 50. Qxe4 Rc7 51. Qe2 Qe8 52. Qd3 Kg7 53. Qd4+ Kh7
54. Qe3 Qf7 55. Qe2 Rb7 56. Qc2 Ra7 57. Qe4 Rc7 58. Qe3 Kg7 59. Kh2 Kh7 60. Kg1
Kg7 61. g4 Kf8 62. Qh6+ Ke8 63. Qxg6 Rc4 64. gxh5 Rxh4 65. Qg3 Qxh5 66. Qg8+
Kd7 67. Rxd6+ exd6 68. Qe6+ Kd8 69. Qxd6+ Ke8 70. Qe6+ Kf8 71. Qf6+ Kg8 72.
Qd8+ 1/2-1/2

[Event "20. Open d'escacs de Sants 2018"]
[Site "Barcelona ESP"]
[Date "2018.08.22"]
[Round "6.10"]
[White "MARTINEZ ALCANTARA, Jose Eduardo"]
[Black "SARDANA, Rishi"]
[Result "1/2-1/2"]
[WhiteElo "2561"]
[BlackElo "2407"]
[PlyCount "60"]
[EventDate "2018.08.17"]
[EventType "swiss"]
[EventRounds "10"]
[EventCountry "ESP"]
[SourceTitle "Ajedrez en Madrid"]
[Source "lmi"]
[SourceDate "2018.08.17"]
[SourceVersion "1"]
[SourceVersionDate "2019.07.10"]
[SourceQuality "1"]

1. e4 e5 2. Nf3 Nc6 3. Bb5 a6 4. Ba4 Nf6 5. O-O Be7 6. Re1 b5 7. Bb3 d6 8. c3
O-O 9. h3 Nb8 10. d4 Nbd7 11. Nbd2 Bb7 12. Bc2 Re8 13. Nf1 Bf8 14. Ng3 g6 15.
a4 Nb6 16. b3 bxa4 17. bxa4 a5 18. Rb1 Ba6 19. Bb3 Bc4 20. Bxc4 Nxc4 21. Bg5
Bg7 22. Qb3 Nb6 23. d5 Qd7 24. Ra1 Reb8 25. Qa2 c6 26. c4 Qc7 27. Reb1 Nbd7 28.
Be3 Rb4 29. Rxb4 axb4 30. a5 Nc5 1/2-1/2

[Event "20. Open d'escacs de Sants 2018"]
[Site "Barcelona ESP"]
[Date "2018.08.22"]
[Round "6.11"]
[White "RUIZ CASTILLO, Joshua Daniel"]
[Black "PERALTA, Fernando"]
[Result "0-1"]
[WhiteElo "2415"]
[BlackElo "2556"]
[PlyCount "134"]
[EventDate "2018.08.17"]
[EventType "swiss"]
[EventRounds "10"]
[EventCountry "ESP"]
[SourceTitle "Ajedrez en Madrid"]
[Source "lmi"]
[SourceDate "2018.08.17"]
[SourceVersion "1"]
[SourceVersionDate "2019.07.10"]
[SourceQuality "1"]

1. e4 e6 2. d4 d5 3. Nc3 Nf6 4. e5 Nfd7 5. f4 c5 6. Nf3 Nc6 7. Be3 cxd4 8. Nxd4
Bc5 9. Qd2 O-O 10. O-O-O a6 11. h4 Nxd4 12. Bxd4 b5 13. a3 Qc7 14. Rh3 Rb8 15.
Rg3 Bxd4 16. Qxd4 Qc5 17. Ne2 Qe7 18. Qe3 Nc5 19. Nd4 Bd7 20. Bd3 b4 21. f5
Nxd3+ 22. Qxd3 exf5 23. Nxf5 Bxf5 24. Qxf5 Qxh4 25. Rh3 Qe4 26. Qxe4 dxe4 27.
Rd4 f5 28. exf6 bxa3 29. Rxa3 Rxf6 30. Rxe4 Rf1+ 31. Kd2 Rxb2 32. Rxa6 Rf2+ 33.
Kd3 Rbxc2 34. Ra8+ Kf7 35. Ra7+ Kf6 36. Rg4 Rcd2+ 37. Ke3 Rde2+ 38. Kd3 Rd2+
39. Ke3 Rde2+ 40. Kd3 g5 41. Rxh7 Kf5 42. Ra4 Rd2+ 43. Kc3 Rxg2 44. Ra5+ Kg6
45. Rh8 Rd6 46. Rg8+ Kh5 47. Rh8+ Rh6 48. Re8 Kh4 49. Kd3 g4 50. Ke3 Kg3 51.
Ra3 Rf6 52. Ra1 Rf3+ 53. Kd4 Rd2+ 54. Kc4 Kf2 55. Ree1 g3 56. Rf1+ Kg2 57. Rh1
Rff2 58. Kc3 Rd8 59. Rag1+ Kf3 60. Rh7 Rc8+ 61. Kd3 Rd8+ 62. Kc3 Rf8 63. Kd3
Rf4 64. Rg7 g2 65. Re1 Ra2 66. Rg1 Rg4 67. Rf7+ Kg3 0-1

[Event "20. Open d'escacs de Sants 2018"]
[Site "Barcelona ESP"]
[Date "2018.08.22"]
[Round "6.13"]
[White "QUESADA PEREZ, Yasser"]
[Black "KRISHNA, C R G."]
[Result "1/2-1/2"]
[WhiteElo "2534"]
[BlackElo "2402"]
[PlyCount "48"]
[EventDate "2018.08.17"]
[EventType "swiss"]
[EventRounds "10"]
[EventCountry "ESP"]
[SourceTitle "Ajedrez en Madrid"]
[Source "lmi"]
[SourceDate "2018.08.17"]
[SourceVersion "1"]
[SourceVersionDate "2019.07.10"]
[SourceQuality "1"]

1. e4 e6 2. Nf3 d5 3. Nc3 d4 4. Ne2 c5 5. b4 Nf6 6. e5 Nfd7 7. bxc5 Bxc5 8. c3
dxc3 9. d4 Bb4 10. Qb3 Nc6 11. Nxc3 Nb6 12. Bb5 Bd7 13. O-O Bxc3 14. Qxc3 Nxe5
15. Bxd7+ Nexd7 16. Ba3 Nd5 17. Qd3 a6 18. Ne5 b5 19. Rab1 Rc8 20. Rfc1 Rxc1+
21. Rxc1 Nxe5 22. dxe5 b4 23. Bxb4 Nxb4 24. Qc4 O-O 1/2-1/2

[Event "20. Open d'escacs de Sants 2018"]
[Site "Barcelona ESP"]
[Date "2018.08.22"]
[Round "6.14"]
[White "VETOSHKO, Volodymyr"]
[Black "MOEHN, Hans"]
[Result "1-0"]
[WhiteElo "2525"]
[BlackElo "2358"]
[PlyCount "141"]
[EventDate "2018.08.17"]
[EventType "swiss"]
[EventRounds "10"]
[EventCountry "ESP"]
[SourceTitle "Ajedrez en Madrid"]
[Source "lmi"]
[SourceDate "2018.08.17"]
[SourceVersion "1"]
[SourceVersionDate "2019.07.10"]
[SourceQuality "1"]

1. e4 e6 2. d4 d5 3. Nd2 c5 4. exd5 exd5 5. Bb5+ Bd7 6. Bxd7+ Nxd7 7. Ngf3 Ngf6
8. O-O Be7 9. dxc5 Nxc5 10. Re1 O-O 11. Nf1 Nce4 12. Be3 Qd7 13. Bd4 Rfd8 14.
Ne3 Bc5 15. c3 Rac8 16. Qe2 Bxd4 17. Nxd4 Nd6 18. Qf3 Nc4 19. Nef5 Re8 20. Qg3
g6 21. b3 Rxe1+ 22. Rxe1 Re8 23. f3 Rxe1+ 24. Qxe1 Nd6 25. Nxd6 Qxd6 26. Qe3 a6
27. g3 Kf8 28. Kf2 h5 29. Nc2 Ng8 30. Qd4 Ne7 31. Ne3 Qa3 32. Qd2 Qc5 33. Ke2
Ke8 34. Qd3 Qa3 35. Qd2 Qa5 36. b4 Qb5+ 37. Qd3 Qa4 38. Qc2 Qb5+ 39. Qd3 Qa4
40. Qd2 d4 41. cxd4 Nc6 42. Nc4 Qb5 43. Qd3 Qxb4 44. d5 Ne5 45. Nxe5 Qb2+ 46.
Ke3 Qxe5+ 47. Qe4 Qxe4+ 48. fxe4 Ke7 49. Kd4 b6 50. e5 Kd7 51. h3 Ke7 52. a3
Kd7 53. g4 hxg4 54. hxg4 Ke7 55. g5 Kd7 56. Kc4 Ke7 57. Kd4 Kd7 58. Kc4 Ke7 59.
d6+ Ke6 60. Kd4 f5 61. gxf6 g5 62. Ke4 g4 63. Kf4 b5 64. Kxg4 a5 65. f7 Kxf7
66. Kf5 b4 67. e6+ Ke8 68. Kf6 bxa3 69. d7+ Kd8 70. e7+ Kxd7 71. Kf7 1-0

[Event "20. Open d'escacs de Sants 2018"]
[Site "Barcelona ESP"]
[Date "2018.08.22"]
[Round "6.15"]
[White "LAPSHUN, Yury"]
[Black "ZANAN, Evgeny"]
[Result "0-1"]
[WhiteElo "2403"]
[BlackElo "2512"]
[PlyCount "152"]
[EventDate "2018.08.17"]
[EventType "swiss"]
[EventRounds "10"]
[EventCountry "ESP"]
[SourceTitle "Ajedrez en Madrid"]
[Source "lmi"]
[SourceDate "2018.08.17"]
[SourceVersion "1"]
[SourceVersionDate "2019.07.10"]
[SourceQuality "1"]

1. d4 Nf6 2. Nf3 g6 3. Bg5 Bg7 4. Nbd2 d5 5. e3 O-O 6. Bd3 c5 7. c3 b6 8. O-O
Nc6 9. Re1 Bb7 10. Qe2 Re8 11. Rad1 Nd7 12. e4 dxe4 13. Nxe4 cxd4 14. cxd4 Nb4
15. Bc4 Nd5 16. Ne5 N7f6 17. Nc3 Rf8 18. Qf3 Rb8 19. Bxf6 Nxc3 20. Qxc3 exf6
21. Nf3 Rc8 22. Qb3 Bxf3 23. gxf3 f5 24. Ba6 Rc6 25. d5 Rd6 26. f4 Bh6 27. Rd4
Qf6 28. Qa4 Rfd8 29. Bb7 Bf8 30. Rd2 Qh4 31. Re3 b5 32. Qd4 Rb6 33. Bc6 Bd6 34.
Rde2 Rbb8 35. Rd3 Bxf4 36. h3 Rbc8 37. Qc3 b4 38. Qc5 Bd6 39. Qe3 Rc7 40. Qf3
Qg5+ 41. Kh1 Re7 42. Rde3 Rxe3 43. Qxe3 Qh4 44. Kg2 h5 45. b3 Qf6 46. Re1 Kg7
47. Kh1 g5 48. h4 g4 49. Qg5+ Qxg5 50. hxg5 Kg6 51. Be8 Kxg5 52. Bxf7 h4 53.
Rc1 h3 54. Be6 Be5 55. Rc4 a5 56. Kg1 Bd6 57. Kh1 f4 58. Kg1 Kh4 59. Rc6 Be5
60. Rc4 Bb8 61. Re4 Bd6 62. Rc4 Be5 63. Re4 Bb8 64. Rc4 Rf8 65. Kh1 Be5 66. Re4
Bd6 67. Rc4 Kg5 68. Rc6 Rd8 69. f3 gxf3 70. Bxh3 Kh4 71. Bf5 Be5 72. Be4 Kg3
73. Kg1 Rd6 74. Bh7 Rd8 75. Kf1 f2 76. Rc1 Rh8 0-1

[Event "20. Open d'escacs de Sants 2018"]
[Site "Barcelona ESP"]
[Date "2018.08.22"]
[Round "6.18"]
[White "NARCISO DUBLAN, Marc"]
[Black "SERESIN, Francesco"]
[Result "1-0"]
[WhiteElo "2483"]
[BlackElo "2279"]
[PlyCount "79"]
[EventDate "2018.08.17"]
[EventType "swiss"]
[EventRounds "10"]
[EventCountry "ESP"]
[SourceTitle "Ajedrez en Madrid"]
[Source "lmi"]
[SourceDate "2018.08.17"]
[SourceVersion "1"]
[SourceVersionDate "2019.07.10"]
[SourceQuality "1"]

1. d4 Nf6 2. Bg5 e6 3. e4 h6 4. Bxf6 Qxf6 5. c3 d6 6. Bd3 g6 7. Ne2 Bg7 8. O-O
O-O 9. f4 Qe7 10. e5 b6 11. Nd2 Bb7 12. Ng3 Nd7 13. Qe2 Rad8 14. exd6 Qxd6 15.
Nc4 Qe7 16. f5 gxf5 17. Nxf5 Qg5 18. h4 Qf6 19. Nfd6 Qxh4 20. Nxb7 Rb8 21. Qf3
Nf6 22. Ne5 h5 23. g3 Qh3 24. Ba6 Bh6 25. Rae1 Ng4 26. Nxg4 hxg4 27. Qg2 Qh5
28. Re5 f5 29. Rfe1 Kg7 30. Rxe6 Rbe8 31. Re7+ Rxe7 32. Rxe7+ Rf7 33. Qe2 Bg5
34. Rxf7+ Qxf7 35. Bc4 Qh5 36. Qe5+ Bf6 37. Qxc7+ Kh6 38. Nd6 Qh3 39. Nxf5+ Kg6
40. Bd3 1-0

[Event "20. Open d'escacs de Sants 2018"]
[Site "Barcelona ESP"]
[Date "2018.08.22"]
[Round "6.20"]
[White "ABDULLA, Murad"]
[Black "NEEF, Maximilian"]
[Result "0-1"]
[WhiteElo "2329"]
[BlackElo "2463"]
[PlyCount "64"]
[EventDate "2018.08.17"]
[EventType "swiss"]
[EventRounds "10"]
[EventCountry "ESP"]
[SourceTitle "Ajedrez en Madrid"]
[Source "lmi"]
[SourceDate "2018.08.17"]
[SourceVersion "1"]
[SourceVersionDate "2019.07.10"]
[SourceQuality "1"]

1. d4 Nf6 2. c4 g6 3. f3 Bg7 4. e4 d6 5. Nc3 O-O 6. Be3 a6 7. Qd2 Nbd7 8. Nh3
c5 9. d5 b5 10. Nf2 Qa5 11. a4 Nb6 12. cxb5 axb5 13. Bxb5 Ba6 14. Bxa6 Qxa6 15.
Qe2 Nfd7 16. Nfd1 Nc4 17. Nb5 Nxe3 18. Nxe3 Qa5+ 19. Kf2 Qb4 20. Nc3 Nb6 21.
Qb5 Ra5 22. Qxb4 cxb4 23. Nb5 Bxb2 24. Ra2 Nxa4 25. Nc4 Rxb5 26. Rxa4 Rc8 27.
Nd2 Rc2 28. Ke3 Bc1 29. Rd1 b3 30. Ra1 b2 31. Rb1 Rb3+ 32. Ke2 Ra3 0-1

[Event "20. Open d'escacs de Sants 2018"]
[Site "Barcelona ESP"]
[Date "2018.08.22"]
[Round "6.21"]
[White "GUKESH, D."]
[Black "BOFILL MAS, Alejandro"]
[Result "1-0"]
[WhiteElo "2440"]
[BlackElo "2323"]
[PlyCount "79"]
[EventDate "2018.08.17"]
[EventType "swiss"]
[EventRounds "10"]
[EventCountry "ESP"]
[SourceTitle "Ajedrez en Madrid"]
[Source "lmi"]
[SourceDate "2018.08.17"]
[SourceVersion "1"]
[SourceVersionDate "2019.07.10"]
[SourceQuality "1"]

1. e4 c5 2. Nf3 e6 3. g3 Nc6 4. Bg2 Nf6 5. Qe2 e5 6. O-O d6 7. c3 Be7 8. Na3
O-O 9. d3 Rb8 10. Nc4 Ne8 11. Ne3 Nc7 12. h3 Be6 13. Rd1 Qc8 14. Kh2 Bf6 15.
Ng4 Be7 16. d4 exd4 17. cxd4 Bxg4 18. hxg4 Ne6 19. dxc5 dxc5 20. Be3 Rd8 21. g5
Ncd4 22. Nxd4 Nxd4 23. Bxd4 Rxd4 24. Rxd4 cxd4 25. f4 Qc5 26. e5 Qb6 27. Be4 h6
28. gxh6 Qxh6+ 29. Kg2 Qb6 30. Rh1 g6 31. f5 Bg5 32. fxg6 fxg6 33. Qg4 Qxb2+
34. Kh3 Qxa2 35. Qxg5 Qe6+ 36. Kg2 Qa2+ 37. Kg1 Qa1+ 38. Kh2 Qa2+ 39. Bg2 Qe6
40. Bd5 1-0

[Event "20. Open d'escacs de Sants 2018"]
[Site "Barcelona ESP"]
[Date "2018.08.22"]
[Round "6.22"]
[White "SWIERCZ, Dariusz"]
[Black "PANELO, Marcelo"]
[Result "1-0"]
[WhiteElo "2669"]
[BlackElo "2360"]
[PlyCount "91"]
[EventDate "2018.08.17"]
[EventType "swiss"]
[EventRounds "10"]
[EventCountry "ESP"]
[SourceTitle "Ajedrez en Madrid"]
[Source "lmi"]
[SourceDate "2018.08.17"]
[SourceVersion "1"]
[SourceVersionDate "2019.07.10"]
[SourceQuality "1"]

1. e4 c5 2. Nf3 d6 3. Bb5+ Bd7 4. Bxd7+ Qxd7 5. O-O Nf6 6. Qe2 Nc6 7. c3 e6 8.
d4 cxd4 9. cxd4 d5 10. e5 Ne4 11. Be3 f5 12. g3 Be7 13. Ne1 h5 14. f3 Ng5 15.
Nd3 Nf7 16. Nc3 g5 17. Rac1 Ncd8 18. a4 a6 19. b4 Nh6 20. f4 g4 21. Nc5 Qc8 22.
b5 a5 23. b6 Nc6 24. Nb5 Bxc5 25. Rxc5 Nf7 26. Nc7+ Kd7 27. Rfc1 Nfd8 28. Qb2
Ke7 29. Bd2 Kf7 30. Nxa8 Qxa8 31. Be1 Qa6 32. Rb5 Kg6 33. Kg2 Rh7 34. Qc3 Qa8
35. Rc5 h4 36. gxh4 Nb4 37. Rc8 Qa6 38. Rxd8 Qe2+ 39. Kg1 Nd3 40. Rg8+ Kh5 41.
Qd2 Qe4 42. Rd1 Nxf4 43. Rg5+ Kh6 44. Rxf5 Qxf5 45. Bg3 Rf7 46. Rf1 1-0

[Event "20. Open d'escacs de Sants 2018"]
[Site "Barcelona ESP"]
[Date "2018.08.22"]
[Round "6.23"]
[White "VALSECCHI, Alessio"]
[Black "KULKARNI, Rakesh"]
[Result "1-0"]
[WhiteElo "2500"]
[BlackElo "2363"]
[PlyCount "63"]
[EventDate "2018.08.17"]
[EventType "swiss"]
[EventRounds "10"]
[EventCountry "ESP"]
[SourceTitle "Ajedrez en Madrid"]
[Source "lmi"]
[SourceDate "2018.08.17"]
[SourceVersion "1"]
[SourceVersionDate "2019.07.10"]
[SourceQuality "1"]

1. Nf3 Nf6 2. c4 e6 3. Nc3 d5 4. d4 Be7 5. Bg5 O-O 6. e3 b6 7. Qc2 Bb7 8. Bxf6
Bxf6 9. cxd5 exd5 10. Bd3 h6 11. O-O Nd7 12. Rad1 a6 13. e4 dxe4 14. Bxe4 Bxe4
15. Nxe4 Re8 16. Rfe1 Rc8 17. Qa4 Nb8 18. Nxf6+ gxf6 19. d5 Rxe1+ 20. Rxe1 Nd7
21. Qg4+ Kh7 22. Qf5+ Kh8 23. Qh3 Nf8 24. Qxh6+ Kg8 25. h4 Qxd5 26. Qxf6 Rd8
27. Qf4 Rd6 28. Ng5 Qxa2 29. h5 Qb3 30. Qg4 Kh8 31. Kh2 Rd8 32. Re7 1-0

[Event "20. Open d'escacs de Sants 2018"]
[Site "Barcelona ESP"]
[Date "2018.08.22"]
[Round "6.24"]
[White "FEDOROVSKY, Michael"]
[Black "DEDEBAS, Emre Emin"]
[Result "1/2-1/2"]
[WhiteElo "2481"]
[BlackElo "2353"]
[PlyCount "39"]
[EventDate "2018.08.17"]
[EventType "swiss"]
[EventRounds "10"]
[EventCountry "ESP"]
[SourceTitle "Ajedrez en Madrid"]
[Source "lmi"]
[SourceDate "2018.08.17"]
[SourceVersion "1"]
[SourceVersionDate "2019.07.10"]
[SourceQuality "1"]

1. d4 d5 2. c4 dxc4 3. e4 Nf6 4. e5 Nd5 5. Bxc4 Nb6 6. Bb3 Nc6 7. Ne2 Bf5 8.
Nbc3 e6 9. Be3 Qd7 10. O-O O-O-O 11. a3 Kb8 12. Qc1 Be7 13. Rd1 Na5 14. Ba2
Nac4 15. d5 Nxe3 16. Qxe3 exd5 17. Nxd5 Be6 18. Nec3 Nxd5 19. Bxd5 Bxd5 20.
Rxd5 1/2-1/2

[Event "20. Open d'escacs de Sants 2018"]
[Site "Barcelona ESP"]
[Date "2018.08.22"]
[Round "6.25"]
[White "OLIVA CASTANEDA, Kevel"]
[Black "HOEFELSAUER, Thomas"]
[Result "1/2-1/2"]
[WhiteElo "2479"]
[BlackElo "2339"]
[PlyCount "120"]
[EventDate "2018.08.17"]
[EventType "swiss"]
[EventRounds "10"]
[EventCountry "ESP"]
[SourceTitle "Ajedrez en Madrid"]
[Source "lmi"]
[SourceDate "2018.08.17"]
[SourceVersion "1"]
[SourceVersionDate "2019.07.10"]
[SourceQuality "1"]

1. Nf3 d5 2. c4 c6 3. e3 Nf6 4. Nc3 a6 5. Qc2 g6 6. d4 Bf5 7. Qb3 b5 8. cxd5
cxd5 9. Be2 Nc6 10. O-O Na5 11. Qd1 Bg7 12. b3 Rc8 13. Bb2 O-O 14. Rc1 Qb6 15.
Ne5 Rfd8 16. Nd3 Bxd3 17. Qxd3 e6 18. Bf3 Qd6 19. Rfd1 Nc6 20. Qd2 Qb4 21. g3
Rc7 22. Qe2 Rdc8 23. Nb1 Qd6 24. Bg2 Na7 25. Nc3 b4 26. Na4 Nb5 27. Qd2 Nd7 28.
Bf1 Rxc1 29. Rxc1 Rxc1 30. Qxc1 Qc7 31. Qe1 Bf8 32. Bd3 f5 33. Bc1 Qc6 34. Bd2
a5 35. Qe2 Nd6 36. f3 Bg7 37. Qd1 e5 38. dxe5 Nxe5 39. Be2 Nb5 40. Qc1 Nc3 41.
Nxc3 bxc3 42. Bxc3 Qxc3 43. Qxc3 Nxf3+ 44. Bxf3 Bxc3 45. Bxd5+ Kg7 46. Kf2 Kf6
47. Ke2 Ke5 48. Kd3 Be1 49. Bg8 h6 50. a3 g5 51. Bc4 h5 52. Ba6 f4 53. gxf4+
gxf4 54. exf4+ Kxf4 55. Kc4 Kg5 56. b4 Bxb4 57. axb4 axb4 58. Kb3 Kh6 59. h4
Kh7 60. Bd3+ Kh8 1/2-1/2

[Event "20. Open d'escacs de Sants 2018"]
[Site "Barcelona ESP"]
[Date "2018.08.22"]
[Round "6.26"]
[White "BEERDSEN, Thomas"]
[Black "AGDELEN, Huseyin Can"]
[Result "1-0"]
[WhiteElo "2469"]
[BlackElo "2298"]
[PlyCount "61"]
[EventDate "2018.08.17"]
[EventType "swiss"]
[EventRounds "10"]
[EventCountry "ESP"]
[SourceTitle "Ajedrez en Madrid"]
[Source "lmi"]
[SourceDate "2018.08.17"]
[SourceVersion "1"]
[SourceVersionDate "2019.07.10"]
[SourceQuality "1"]

1. e4 c5 2. Nf3 e6 3. d4 cxd4 4. Nxd4 Nc6 5. Nc3 Qc7 6. Qd3 Nf6 7. Ndb5 Qb8 8.
Qg3 d6 9. Be3 a6 10. Nd4 Bd7 11. f4 b5 12. Bd3 Qb7 13. e5 Nh5 14. Qf3 g6 15. g4
Ng7 16. a4 d5 17. axb5 Nxd4 18. Bxd4 axb5 19. O-O b4 20. Ne4 Be7 21. Nf6+ Kd8
22. Rxa8+ Qxa8 23. Bb6+ Kc8 24. Nxd7 Kxd7 25. Bb5+ Kc8 26. c4 Qb7 27. Qf2 dxc4
28. Bxc4 Bd8 29. Bc5 Ba5 30. Ra1 Qc7 31. Ba6+ 1-0